12 Miesięcy po angielsku - Statystyki

Ogólne statystyki
  • Ten quiz został rozwiązany 596 razy
  • Średni wynik to 9 z 12
Statystyki odpowiedzi
Pierwsza litera Odpowiedź % Poprawnych
J January
94%
A April
86%
M March
86%
M May
84%
F February
83%
J July
79%
J June
78%
A August
71%
S September
61%
O October
58%
N November
51%
D December
48%
Nie znaleziono quizów pasujących do podanych kryteriów
Rozkład punktacji
Procent ludzi z każdym wynikiem
Percentyl według liczby udzielonych odpowiedzi
Twoja historia wyników
Nie rozwiązałeś tego quizu